Sanat - "Syysretki" - Statistics

Yleistilastot
  • Tätä visaa on pelattu 5 kertaa
  • Keskiarvotulos 54 / 70
Vastaustilastot
Vastaus % Oikein
äidille
100%
hei
100%
hei
100%
hei
100%
hei
100%
hei
100%
hei
100%
hip
100%
hip
100%
hip
100%
hip
100%
hip
100%
hip
100%
Lähtekäämme
100%
lähtekäämme
100%
metsään
100%
metsään
100%
metsään
100%
metsään
100%
metsään
100%
Puolukoita
100%
puolukoita
100%
puolukoita
100%
retkelle
100%
saa
100%
trallallaa
100%
alkaa
75%
ei
75%
juoksujalkaa
75%
kaikki
75%
kohta
75%
Kotimatka
75%
lallallaa
75%
lallallaa
75%
lallallaa
75%
marssitaan
75%
on
75%
paljon
75%
piirakkaa
75%
poimin
75%
poimin
75%
poimin
75%
poimin
75%
syödä
75%
trallalaa
75%
trallalaa
75%
trallallei
75%
vaan
75%
vaan
75%
viedään
75%
alla
50%
istutaan
50%
kaikkialla
50%
märkää
50%
oi
50%
oi
50%
oi
50%
päästä
50%
pois
50%
pomppikaa
50%
puolukat
50%
Sataa
50%
sienen
50%
täällä
50%
tänne
50%
vettä
50%
vettä
50%
vettä
50%
vettä
50%
voi
50%
Ehtoja vastaavia visoja ei löytynyt
Tulosjakauma
Jokaisen tuloksen saaneiden osuus
Persentiili vastausten määrän mukaan
Tuloshistoriasi
Et ole pelannut tätä visaa